[Event "April 9 Early 2024"]
[Site "Chess.com"]
[Date "2024.04.09"]
[Round "7"]
[White "Gabrielian, Artur"]
[Black "Gontcharov, Vladislav"]
[Result "1/2-1/2"]
[Board "85"]
[WhiteFideId "4131002"]
[BlackFideId "4123492"]
[WhiteTitle "GM"]
[WhiteElo "2777"]
[BlackElo "2581"]
[WhiteTeam "RUS"]
[BlackTeam "RUS"]
[WhiteClock "0:00:09"]
[BlackClock "0:00:05"]
[Variant "Standard"]

1. Nf3 {[%clk 0:03:00]}  Nf6 {[%clk 0:02:58]} 2. g3 {[%clk 0:03:00]}  c5 {[%clk 0:02:57]} 3. Bg2 {[%clk 0:02:58]}  Nc6 {[%clk 0:02:58]} 4. O-O {[%clk 0:02:56]}  g6 {[%clk 0:02:54]} 5. c4 {[%clk 0:02:53]}  d6 {[%clk 0:02:53]} 6. d4 {[%clk 0:02:53]}  cxd4 {[%clk 0:02:53]} 7. Nxd4 {[%clk 0:02:53]}  Bd7 {[%clk 0:02:54]} 8. Nc3 {[%clk 0:02:53]}  Bg7 {[%clk 0:02:53]} 9. Nc2 {[%clk 0:02:46]}  Qa5 {[%clk 0:02:50]} 10. Ne3 {[%clk 0:02:29]}  Qh5 {[%clk 0:02:43]} 11. Ncd5 {[%clk 0:02:27]}  Nxd5 {[%clk 0:02:25]} 12. Nxd5 {[%clk 0:02:25]}  O-O {[%clk 0:02:13]} 13. e4 {[%clk 0:02:12]}  Qxd1 {[%clk 0:02:12]} 14. Rxd1 {[%clk 0:02:12]}  Rfc8 {[%clk 0:02:11]} 15. Rb1 {[%clk 0:02:09]}  Bg4 {[%clk 0:02:07]} 16. f3 {[%clk 0:02:08]}  Bd7 {[%clk 0:01:56]} 17. b3 {[%clk 0:02:05]}  Rab8 {[%clk 0:01:54]} 18. Bf1 {[%clk 0:02:03]}  Kf8 {[%clk 0:01:49]} 19. Be3 {[%clk 0:02:00]}  b6 {[%clk 0:01:47]} 20. Kf2 {[%clk 0:01:45]}  Ne5 {[%clk 0:01:45]} 21. Rbc1 {[%clk 0:01:39]}  Bc6 {[%clk 0:01:37]} 22. Be2 {[%clk 0:01:39]}  h6 {[%clk 0:01:31]} 23. a4 {[%clk 0:01:25]}  Bd7 {[%clk 0:01:28]} 24. h4 {[%clk 0:01:16]}  Nc6 {[%clk 0:01:23]} 25. f4 {[%clk 0:00:57]}  Na5 {[%clk 0:01:13]} 26. Rd3 {[%clk 0:00:57]}  Be6 {[%clk 0:01:06]} 27. h5 {[%clk 0:00:56]}  Nb7 {[%clk 0:00:47]} 28. hxg6 {[%clk 0:00:53]}  fxg6 {[%clk 0:00:42]} 29. b4 {[%clk 0:00:53]}  Nd8 {[%clk 0:00:38]} 30. a5 {[%clk 0:00:43]}  bxa5 {[%clk 0:00:37]} 31. b5 {[%clk 0:00:43]}  Ra8 {[%clk 0:00:34]} 32. e5 {[%clk 0:00:35]}  Nb7 {[%clk 0:00:29]} 33. Bf3 {[%clk 0:00:29]}  Nc5 {[%clk 0:00:14]} 34. Bxc5 {[%clk 0:00:29]}  Rxc5 {[%clk 0:00:14]} 35. Nc7 {[%clk 0:00:19]}  Rxc7 {[%clk 0:00:12]} 36. Bxa8 {[%clk 0:00:19]}  dxe5 {[%clk 0:00:13]} 37. c5 {[%clk 0:00:16]}  exf4 {[%clk 0:00:12]} 38. gxf4 {[%clk 0:00:17]}  a4 {[%clk 0:00:11]} 39. Re1 {[%clk 0:00:11]}  Bc4 {[%clk 0:00:10]} 40. Rd8+ {[%clk 0:00:11]}  Kf7 {[%clk 0:00:10]} 41. Bc6 {[%clk 0:00:12]}  a3 {[%clk 0:00:08]} 42. Be8+ {[%clk 0:00:12]}  Kf6 {[%clk 0:00:08]} 43. b6 {[%clk 0:00:12]}  axb6 {[%clk 0:00:07]} 44. cxb6 {[%clk 0:00:13]}  Rb7 {[%clk 0:00:08]} 45. Rc8 {[%clk 0:00:14]}  Bd5 {[%clk 0:00:07]} 46. Rc5 {[%clk 0:00:13]}  e6 {[%clk 0:00:04]} 47. Bc6 {[%clk 0:00:13]}  Rxb6 {[%clk 0:00:04]} 48. Bxd5 {[%clk 0:00:14]}  exd5 {[%clk 0:00:04]} 49. Rxd5 {[%clk 0:00:14]}  Ra6 {[%clk 0:00:05]} 50. Ra1 {[%clk 0:00:09]}  g5 {[%clk 0:00:02]} 51. fxg5+ {[%clk 0:00:07]}  hxg5 {[%clk 0:00:02]} 52. Ra2 {[%clk 0:00:07]}  Kg6 {[%clk 0:00:02]} 53. Rd3 {[%clk 0:00:07]}  Bb2 {[%clk 0:00:02]} 54. Rb3 {[%clk 0:00:07]}  Rf6+ {[%clk 0:00:03]} 55. Kg3 {[%clk 0:00:07]}  Kh5 {[%clk 0:00:03]} 56. Raxb2 {[%clk 0:00:07]}  axb2 {[%clk 0:00:03]} 57. Rxb2 {[%clk 0:00:08]}  Rf4 {[%clk 0:00:04]} 58. Rb8 {[%clk 0:00:08]}  Rf5 {[%clk 0:00:04]} 59. Rh8+ {[%clk 0:00:08]}  Kg6 {[%clk 0:00:05]} 60. Rg8+ {[%clk 0:00:08]}  Kh6 {[%clk 0:00:04]} 61. Rh8+ {[%clk 0:00:09]}  Kg6 {[%clk 0:00:04]} 62. Rg8+ {[%clk 0:00:09]}  Kh6 {[%clk 0:00:05]} 63. Rh8+ {[%clk 0:00:09]}  Kg6 {[%clk 0:00:05]} 1/2-1/2

[Event "April 9 Early 2024"]
[Site "Chess.com"]
[Date "2024.04.09"]
[Round "7"]
[White "Bilan, Danila"]
[Black "Tigran Mukhutdinov"]
[Result "1-0"]
[Board "87"]
[WhiteFideId "24161918"]
[BlackFideId "34108570"]
[WhiteTitle "FM"]
[BlackTitle "FM"]
[WhiteElo "2575"]
[BlackElo "2697"]
[WhiteTeam "RUS"]
[BlackTeam "RUS"]
[WhiteClock "0:00:06"]
[BlackClock "0:00:25"]
[Variant "Standard"]

1. d4 {[%clk 0:03:00]}  d5 {[%clk 0:02:58]} 2. Nf3 {[%clk 0:02:58]}  e6 {[%clk 0:02:58]} 3. g3 {[%clk 0:02:56]}  Nf6 {[%clk 0:02:58]} 4. Bg2 {[%clk 0:02:49]}  Be7 {[%clk 0:02:58]} 5. O-O {[%clk 0:02:50]}  O-O {[%clk 0:02:58]} 6. c4 {[%clk 0:02:49]}  Nbd7 {[%clk 0:02:59]} 7. Qc2 {[%clk 0:02:48]}  c6 {[%clk 0:02:59]} 8. Nbd2 {[%clk 0:02:48]}  b6 {[%clk 0:02:57]} 9. Rd1 {[%clk 0:02:47]}  Bb7 {[%clk 0:02:57]} 10. e4 {[%clk 0:02:47]}  Rc8 {[%clk 0:02:57]} 11. b3 {[%clk 0:02:46]}  c5 {[%clk 0:02:52]} 12. exd5 {[%clk 0:02:45]}  exd5 {[%clk 0:02:51]} 13. Qf5 {[%clk 0:02:45]}  g6 {[%clk 0:02:50]} 14. Qh3 {[%clk 0:02:45]}  Ne4 {[%clk 0:02:34]} 15. dxc5 {[%clk 0:02:21]}  Nc3 {[%clk 0:02:23]} 16. Re1 {[%clk 0:01:53]}  Nxc5 {[%clk 0:02:23]} 17. Bb2 {[%clk 0:01:19]}  Bf6 {[%clk 0:02:20]} 18. Ne5 {[%clk 0:01:13]}  dxc4 {[%clk 0:01:45]} 19. Bxb7 {[%clk 0:01:00]}  Qxd2 {[%clk 0:01:41]} 20. Nxc4 {[%clk 0:00:46]}  Ne2+ {[%clk 0:00:56]} 21. Rxe2 {[%clk 0:00:24]}  Qxe2 {[%clk 0:00:56]} 22. Bxf6 {[%clk 0:00:24]}  Nd3 {[%clk 0:00:42]} 23. Rf1 {[%clk 0:00:18]}  Qe6 {[%clk 0:00:20]} 24. Qxe6 {[%clk 0:00:12]}  fxe6 {[%clk 0:00:21]} 25. Bxc8 {[%clk 0:00:12]}  Rxf6 {[%clk 0:00:21]} 26. Bb7 {[%clk 0:00:10]}  Nc5 {[%clk 0:00:21]} 27. Bg2 {[%clk 0:00:09]}  e5 {[%clk 0:00:21]} 28. Bd5+ {[%clk 0:00:09]}  Kg7 {[%clk 0:00:21]} 29. Nxe5 {[%clk 0:00:09]}  Rd6 {[%clk 0:00:22]} 30. Bc4 {[%clk 0:00:09]}  Rd2 {[%clk 0:00:22]} 31. a4 {[%clk 0:00:08]}  a5 {[%clk 0:00:23]} 32. Nf3 {[%clk 0:00:08]}  Rb2 {[%clk 0:00:23]} 33. Re1 {[%clk 0:00:06]}  Nxb3 {[%clk 0:00:23]} 34. Bxb3 {[%clk 0:00:06]}  Rxb3 {[%clk 0:00:24]} 35. Nd4 {[%clk 0:00:06]}  Rb4 {[%clk 0:00:24]} 36. Ne6+ {[%clk 0:00:06]}  Kf6 {[%clk 0:00:25]} 37. Nc7 {[%clk 0:00:05]}  Rxa4 {[%clk 0:00:24]} 38. Re6+ {[%clk 0:00:05]}  Kf5 {[%clk 0:00:24]} 39. Rxb6 {[%clk 0:00:06]}  Rb4 {[%clk 0:00:24]} 40. Ra6 {[%clk 0:00:04]}  a4 {[%clk 0:00:24]} 41. Kg2 {[%clk 0:00:05]}  h5 {[%clk 0:00:24]} 42. Nd5 {[%clk 0:00:05]}  Rd4 {[%clk 0:00:22]} 43. Nc3 {[%clk 0:00:04]}  Rd3 {[%clk 0:00:22]} 44. Nxa4 {[%clk 0:00:04]}  g5 {[%clk 0:00:22]} 45. h3 {[%clk 0:00:04]}  Ra3 {[%clk 0:00:22]} 46. Nc5 {[%clk 0:00:04]}  Rc3 {[%clk 0:00:23]} 47. Nd7 {[%clk 0:00:04]}  g4 {[%clk 0:00:23]} 48. Rf6+ {[%clk 0:00:04]}  Ke4 {[%clk 0:00:22]} 49. hxg4 {[%clk 0:00:04]}  hxg4 {[%clk 0:00:23]} 50. Rf4+ {[%clk 0:00:04]}  Kd5 {[%clk 0:00:23]} 51. Rxg4 {[%clk 0:00:04]}  Ke6 {[%clk 0:00:24]} 52. Nf8+ {[%clk 0:00:04]}  Kf7 {[%clk 0:00:24]} 53. Rf4+ {[%clk 0:00:04]}  Kg7 {[%clk 0:00:24]} 54. Ne6+ {[%clk 0:00:05]}  Kg6 {[%clk 0:00:25]} 55. Nd4 {[%clk 0:00:06]}  Ra3 {[%clk 0:00:26]} 56. Nf3 {[%clk 0:00:06]}  Ra2 {[%clk 0:00:27]} 57. Nh4+ {[%clk 0:00:07]}  Kg5 {[%clk 0:00:28]} 58. Rd4 {[%clk 0:00:06]}  Kh6 {[%clk 0:00:29]} 59. Rd5 {[%clk 0:00:06]}  Kg7 {[%clk 0:00:29]} 60. Kf3 {[%clk 0:00:05]}  Kf6 {[%clk 0:00:30]} 61. Kg4 {[%clk 0:00:06]}  Ra3 {[%clk 0:00:31]} 62. f4 {[%clk 0:00:06]}  Rb3 {[%clk 0:00:31]} 63. Rd6+ {[%clk 0:00:07]}  Ke7 {[%clk 0:00:32]} 64. Rg6 {[%clk 0:00:07]}  Kf7 {[%clk 0:00:32]} 65. Kg5 {[%clk 0:00:07]}  Rxg3+ {[%clk 0:00:32]} 66. Kf5 {[%clk 0:00:08]}  Ra3 {[%clk 0:00:31]} 67. Rb6 {[%clk 0:00:08]}  Ra5+ {[%clk 0:00:31]} 68. Kg4 {[%clk 0:00:08]}  Ra4 {[%clk 0:00:32]} 69. Kg5 {[%clk 0:00:06]}  Ra5+ {[%clk 0:00:32]} 70. Nf5 {[%clk 0:00:07]}  Ra1 {[%clk 0:00:33]} 71. Rb7+ {[%clk 0:00:07]}  Kf8 {[%clk 0:00:34]} 72. Nd4 {[%clk 0:00:05]}  Ra6 {[%clk 0:00:34]} 73. f5 {[%clk 0:00:05]}  Ra1 {[%clk 0:00:34]} 74. Ne6+ {[%clk 0:00:06]}  Ke8 {[%clk 0:00:35]} 75. Kf6 {[%clk 0:00:06]}  Ra7 {[%clk 0:00:25]} 76. Ng7+ {[%clk 0:00:06]} 1-0

[Event "April 9 Early 2024"]
[Site "Chess.com"]
[Date "2024.04.09"]
[Round "7"]
[White "Antunez Soler, Luis"]
[Black "Jaskolka, Tomasz"]
[Result "0-1"]
[Board "89"]
[WhiteFideId "3513335"]
[BlackFideId "1170791"]
[WhiteTitle "CM"]
[BlackTitle "CM"]
[WhiteElo "2663"]
[BlackElo "2567"]
[WhiteTeam "CUB"]
[BlackTeam "POL"]
[WhiteClock "0:00:00"]
[BlackClock "0:00:11"]
[Variant "Standard"]

1. e4 {[%clk 0:02:59]}  c5 {[%clk 0:03:00]} 2. Nf3 {[%clk 0:02:57]}  e6 {[%clk 0:03:00]} 3. d4 {[%clk 0:02:57]}  cxd4 {[%clk 0:03:01]} 4. Nxd4 {[%clk 0:02:58]}  Nc6 {[%clk 0:03:02]} 5. Nc3 {[%clk 0:02:58]}  Qc7 {[%clk 0:03:02]} 6. Ndb5 {[%clk 0:02:58]}  Qb8 {[%clk 0:03:01]} 7. Be3 {[%clk 0:02:59]}  a6 {[%clk 0:03:00]} 8. Bb6 {[%clk 0:03:00]}  axb5 {[%clk 0:02:55]} 9. Nxb5 {[%clk 0:03:00]}  Bb4+ {[%clk 0:02:55]} 10. c3 {[%clk 0:03:00]}  Ba5 {[%clk 0:02:56]} 11. Nc7+ {[%clk 0:03:01]}  Qxc7 {[%clk 0:02:57]} 12. Bxc7 {[%clk 0:03:02]}  Bxc7 {[%clk 0:02:57]} 13. Qg4 {[%clk 0:03:02]}  g6 {[%clk 0:02:47]} 14. Bb5 {[%clk 0:03:03]}  Kf8 {[%clk 0:02:38]} 15. a4 {[%clk 0:02:58]}  Nf6 {[%clk 0:02:37]} 16. Qh4 {[%clk 0:02:57]}  Kg7 {[%clk 0:02:34]} 17. O-O {[%clk 0:02:53]}  d5 {[%clk 0:02:34]} 18. f3 {[%clk 0:02:51]}  Bd7 {[%clk 0:02:30]} 19. Rad1 {[%clk 0:02:28]}  Ne5 {[%clk 0:02:30]} 20. Bxd7 {[%clk 0:02:16]}  Nexd7 {[%clk 0:02:29]} 21. exd5 {[%clk 0:02:14]}  Nxd5 {[%clk 0:02:29]} 22. c4 {[%clk 0:01:42]}  N5f6 {[%clk 0:02:17]} 23. b3 {[%clk 0:01:41]}  Rhd8 {[%clk 0:02:15]} 24. Kh1 {[%clk 0:01:39]}  Nc5 {[%clk 0:02:12]} 25. Rxd8 {[%clk 0:01:32]}  Rxd8 {[%clk 0:02:12]} 26. Qe1 {[%clk 0:01:23]}  b6 {[%clk 0:01:29]} 27. Qb1 {[%clk 0:01:16]}  Nh5 {[%clk 0:01:05]} 28. Rd1 {[%clk 0:01:08]}  Rxd1+ {[%clk 0:00:56]} 29. Qxd1 {[%clk 0:01:07]}  Nf4 {[%clk 0:00:56]} 30. b4 {[%clk 0:01:04]}  Ncd3 {[%clk 0:00:41]} 31. Qd2 {[%clk 0:00:54]}  e5 {[%clk 0:00:36]} 32. g3 {[%clk 0:00:50]}  Nh3 {[%clk 0:00:36]} 33. Kg2 {[%clk 0:00:45]}  Nhf2 {[%clk 0:00:36]} 34. a5 {[%clk 0:00:40]}  bxa5 {[%clk 0:00:33]} 35. bxa5 {[%clk 0:00:41]}  f5 {[%clk 0:00:33]} 36. a6 {[%clk 0:00:36]}  Bb6 {[%clk 0:00:33]} 37. Qc3 {[%clk 0:00:34]}  Bc5 {[%clk 0:00:20]} 38. Qa5 {[%clk 0:00:30]}  e4 {[%clk 0:00:19]} 39. Qc7+ {[%clk 0:00:26]}  Kf6 {[%clk 0:00:19]} 40. a7 {[%clk 0:00:25]}  exf3+ {[%clk 0:00:19]} 41. Kf1 {[%clk 0:00:14]}  Bxa7 {[%clk 0:00:18]} 42. Qxa7 {[%clk 0:00:14]}  Ne4 {[%clk 0:00:17]} 43. Qd4+ {[%clk 0:00:12]}  Ne5 {[%clk 0:00:17]} 44. c5 {[%clk 0:00:12]}  Ke6 {[%clk 0:00:17]} 45. Qd8 {[%clk 0:00:08]}  f2 {[%clk 0:00:17]} 46. Qc8+ {[%clk 0:00:05]}  Kd5 {[%clk 0:00:17]} 47. h3 {[%clk 0:00:06]}  Nf3 {[%clk 0:00:15]} 48. Qd7+ {[%clk 0:00:02]}  Kxc5 {[%clk 0:00:11]} 49. Qa7+ {[%clk 0:00:03]}  Kd5 {[%clk 0:00:11]} 50. g4 {[%clk 0:00:00]}  Nfd2+ {[%clk 0:00:11]} 0-1

[Event "April 9 Early 2024"]
[Site "Chess.com"]
[Date "2024.04.09"]
[Round "7"]
[White "Solberg, Joachim"]
[Black "Kotlyar, Kirill"]
[Result "1-0"]
[Board "90"]
[WhiteFideId "1502930"]
[BlackFideId "24145599"]
[WhiteTitle "FM"]
[BlackTitle "FM"]
[WhiteElo "2561"]
[BlackElo "2659"]
[WhiteTeam "NOR"]
[BlackTeam "RUS"]
[WhiteClock "0:01:39"]
[BlackClock "0:01:35"]
[Variant "Standard"]

1. e4 {[%clk 0:03:00]}  c5 {[%clk 0:02:51]} 2. Nf3 {[%clk 0:03:00]}  Nc6 {[%clk 0:02:51]} 3. b3 {[%clk 0:03:00]}  e5 {[%clk 0:02:50]} 4. Bb2 {[%clk 0:02:59]}  d6 {[%clk 0:02:50]} 5. Bc4 {[%clk 0:03:00]}  g6 {[%clk 0:02:50]} 6. O-O {[%clk 0:02:59]}  Bg7 {[%clk 0:02:49]} 7. c3 {[%clk 0:03:00]}  Nge7 {[%clk 0:02:50]} 8. d4 {[%clk 0:02:58]}  O-O {[%clk 0:02:49]} 9. dxe5 {[%clk 0:02:57]}  dxe5 {[%clk 0:02:50]} 10. Qe2 {[%clk 0:02:55]}  a6 {[%clk 0:02:50]} 11. Rd1 {[%clk 0:02:55]}  Qc7 {[%clk 0:02:49]} 12. a4 {[%clk 0:02:54]}  Bg4 {[%clk 0:02:48]} 13. Nbd2 {[%clk 0:02:54]}  Na5 {[%clk 0:02:38]} 14. h3 {[%clk 0:02:54]}  Nxc4 {[%clk 0:02:38]} 15. Nxc4 {[%clk 0:02:53]}  Bxf3 {[%clk 0:02:35]} 16. Qxf3 {[%clk 0:02:53]}  b5 {[%clk 0:02:35]} 17. axb5 {[%clk 0:02:49]}  axb5 {[%clk 0:02:36]} 18. Rxa8 {[%clk 0:02:48]}  Rxa8 {[%clk 0:02:34]} 19. Nd6 {[%clk 0:02:48]}  f6 {[%clk 0:02:24]} 20. Nxb5 {[%clk 0:02:46]}  Qb7 {[%clk 0:02:23]} 21. c4 {[%clk 0:02:46]}  Ra2 {[%clk 0:02:22]} 22. Bxe5 {[%clk 0:02:39]}  Qb6 {[%clk 0:02:08]} 23. Bc7 {[%clk 0:02:31]}  Qe6 {[%clk 0:02:02]} 24. e5 {[%clk 0:02:15]}  f5 {[%clk 0:01:59]} 25. Rd8+ {[%clk 0:02:10]}  Bf8 {[%clk 0:01:56]} 26. Bd6 {[%clk 0:02:01]}  Kg7 {[%clk 0:01:41]} 27. Nc7 {[%clk 0:01:57]}  Qf7 {[%clk 0:01:35]} 28. e6 {[%clk 0:01:39]} 1-0

[Event "April 9 Early 2024"]
[Site "Chess.com"]
[Date "2024.04.09"]
[Round "7"]
[White "Martic, Ivan"]
[Black "Silva, Luca"]
[Result "1-0"]
[Board "95"]
[WhiteFideId "929301"]
[BlackFideId "147370"]
[WhiteTitle "FM"]
[BlackTitle "FM"]
[WhiteElo "2628"]
[BlackElo "2514"]
[WhiteTeam "SRB"]
[BlackTeam "ARG"]
[WhiteClock "0:00:08"]
[BlackClock "0:00:02"]
[Variant "Standard"]

1. b4 {[%clk 0:03:00]}  f5 {[%clk 0:02:55]} 2. e3 {[%clk 0:02:58]}  Nf6 {[%clk 0:02:56]} 3. Bb2 {[%clk 0:02:57]}  g6 {[%clk 0:02:53]} 4. h4 {[%clk 0:02:55]}  d6 {[%clk 0:02:51]} 5. h5 {[%clk 0:02:46]}  g5 {[%clk 0:02:36]} 6. h6 {[%clk 0:02:46]}  e5 {[%clk 0:02:35]} 7. Nf3 {[%clk 0:02:37]}  Rg8 {[%clk 0:02:33]} 8. Bc4 {[%clk 0:02:33]}  Rg6 {[%clk 0:02:30]} 9. Nc3 {[%clk 0:02:23]}  Rxh6 {[%clk 0:02:17]} 10. Rxh6 {[%clk 0:02:18]}  Bxh6 {[%clk 0:02:18]} 11. Qe2 {[%clk 0:02:18]}  Nc6 {[%clk 0:02:01]} 12. b5 {[%clk 0:02:12]}  Na5 {[%clk 0:01:59]} 13. Bb3 {[%clk 0:02:09]}  Nxb3 {[%clk 0:01:58]} 14. axb3 {[%clk 0:02:10]}  Be6 {[%clk 0:01:56]} 15. O-O-O {[%clk 0:02:07]}  g4 {[%clk 0:01:52]} 16. Nh4 {[%clk 0:02:05]}  Bg5 {[%clk 0:01:49]} 17. Rh1 {[%clk 0:02:04]}  Ne4 {[%clk 0:01:39]} 18. g3 {[%clk 0:01:54]}  Nxc3 {[%clk 0:01:33]} 19. Bxc3 {[%clk 0:01:53]}  Qd7 {[%clk 0:01:32]} 20. Kb2 {[%clk 0:01:47]}  O-O-O {[%clk 0:01:29]} 21. Ra1 {[%clk 0:01:46]}  Kb8 {[%clk 0:01:29]} 22. d4 {[%clk 0:01:42]}  e4 {[%clk 0:01:21]} 23. Ng2 {[%clk 0:01:35]}  d5 {[%clk 0:01:17]} 24. Nf4 {[%clk 0:01:25]}  Bxf4 {[%clk 0:01:17]} 25. exf4 {[%clk 0:01:26]}  c6 {[%clk 0:01:16]} 26. bxc6 {[%clk 0:01:19]}  Qxc6 {[%clk 0:01:16]} 27. Bb4 {[%clk 0:01:20]}  Rc8 {[%clk 0:01:15]} 28. Qd2 {[%clk 0:01:17]}  b6 {[%clk 0:01:12]} 29. Be7 {[%clk 0:01:13]}  Kb7 {[%clk 0:01:09]} 30. Bf6 {[%clk 0:01:13]}  h5 {[%clk 0:01:03]} 31. Rh1 {[%clk 0:01:09]}  Bf7 {[%clk 0:01:03]} 32. Be5 {[%clk 0:01:10]}  a5 {[%clk 0:01:02]} 33. Ra1 {[%clk 0:00:59]}  Qb5 {[%clk 0:01:02]} 34. Ra4 {[%clk 0:00:55]}  Rc4 {[%clk 0:00:49]} 35. Ra3 {[%clk 0:00:49]}  a4 {[%clk 0:00:40]} 36. Ka2 {[%clk 0:00:50]}  Rb4 {[%clk 0:00:31]} 37. Qc3 {[%clk 0:00:43]}  axb3+ {[%clk 0:00:03]} 38. Rxb3 {[%clk 0:00:30]}  Ra4+ {[%clk 0:00:01]} 39. Kb2 {[%clk 0:00:28]}  Qc6 {[%clk 0:00:02]} 40. Qc5 {[%clk 0:00:22]}  Qxc5 {[%clk 0:00:01]} 41. dxc5 {[%clk 0:00:23]}  Ra6 {[%clk 0:00:02]} 42. Bd4 {[%clk 0:00:23]}  Be8 {[%clk 0:00:01]} 43. cxb6 {[%clk 0:00:23]}  Ba4 {[%clk 0:00:02]} 44. Rc3 {[%clk 0:00:23]}  Bc6 {[%clk 0:00:02]} 45. Re3 {[%clk 0:00:18]}  Ra4 {[%clk 0:00:02]} 46. c3 {[%clk 0:00:18]}  Ra5 {[%clk 0:00:02]} 47. Re1 {[%clk 0:00:19]}  Bb5 {[%clk 0:00:02]} 48. Rh1 {[%clk 0:00:17]}  Be8 {[%clk 0:00:02]} 49. Rd1 {[%clk 0:00:16]}  Rb5+ {[%clk 0:00:02]} 50. Kc1 {[%clk 0:00:15]}  Ra5 {[%clk 0:00:02]} 51. Kd2 {[%clk 0:00:15]}  Ra2+ {[%clk 0:00:03]} 52. Ke3 {[%clk 0:00:15]}  Ba4 {[%clk 0:00:03]} 53. Rh1 {[%clk 0:00:13]}  Bb5 {[%clk 0:00:03]} 54. Re1 {[%clk 0:00:13]}  Rc2 {[%clk 0:00:02]} 55. Be5 {[%clk 0:00:10]}  Kxb6 {[%clk 0:00:02]} 56. Bd4+ {[%clk 0:00:11]}  Kc6 {[%clk 0:00:03]} 57. Be5 {[%clk 0:00:11]}  Kc5 {[%clk 0:00:03]} 58. Bd4+ {[%clk 0:00:11]}  Kc4 {[%clk 0:00:04]} 59. Rb1 {[%clk 0:00:11]}  Rxc3+ {[%clk 0:00:02]} 60. Bxc3 {[%clk 0:00:11]}  Kxc3 {[%clk 0:00:03]} 61. Rxb5 {[%clk 0:00:10]}  d4+ {[%clk 0:00:03]} 62. Ke2 {[%clk 0:00:10]}  d3+ {[%clk 0:00:02]} 63. Ke3 {[%clk 0:00:10]}  Kc2 {[%clk 0:00:02]} 64. Rxf5 {[%clk 0:00:08]}  Kd1 {[%clk 0:00:03]} 65. Rd5 {[%clk 0:00:07]}  Ke1 {[%clk 0:00:03]} 66. f5 {[%clk 0:00:08]}  Kf1 {[%clk 0:00:03]} 67. f6 {[%clk 0:00:08]}  h4 {[%clk 0:00:04]} 68. gxh4 {[%clk 0:00:08]}  g3 {[%clk 0:00:02]} 69. fxg3 {[%clk 0:00:08]} 1-0

[Event "April 9 Early 2024"]
[Site "Chess.com"]
[Date "2024.04.09"]
[Round "7"]
[White "Camacho Collados, Jose"]
[Black "Guliev, Logman"]
[Result "0-1"]
[Board "97"]
[WhiteFideId "2265427"]
[BlackFideId "13400061"]
[WhiteTitle "IM"]
[BlackTitle "IM"]
[WhiteElo "2617"]
[BlackElo "2501"]
[WhiteTeam "WLS"]
[BlackTeam "AZE"]
[WhiteClock "0:00:00"]
[BlackClock "0:00:40"]
[Variant "Standard"]

1. g3 {[%clk 0:03:00]}  g6 {[%clk 0:01:57]} 2. Bg2 {[%clk 0:03:01]}  Bg7 {[%clk 0:01:57]} 3. d4 {[%clk 0:03:01]}  Nf6 {[%clk 0:01:58]} 4. e4 {[%clk 0:03:02]}  O-O {[%clk 0:01:58]} 5. e5 {[%clk 0:03:02]}  Ne8 {[%clk 0:01:58]} 6. h4 {[%clk 0:02:46]}  h5 {[%clk 0:01:57]} 7. Bg5 {[%clk 0:02:42]}  d6 {[%clk 0:01:56]} 8. Nf3 {[%clk 0:02:35]}  Nc6 {[%clk 0:01:54]} 9. Nc3 {[%clk 0:02:31]}  dxe5 {[%clk 0:01:51]} 10. dxe5 {[%clk 0:02:30]}  Bg4 {[%clk 0:01:48]} 11. Nd5 {[%clk 0:01:59]}  f6 {[%clk 0:01:45]} 12. exf6 {[%clk 0:01:52]}  exf6 {[%clk 0:01:44]} 13. Bf4 {[%clk 0:01:45]}  Rf7 {[%clk 0:01:26]} 14. O-O {[%clk 0:01:41]}  Ne5 {[%clk 0:01:17]} 15. Nxf6+ {[%clk 0:00:16]}  Bxf6 {[%clk 0:00:59]} 16. Qxd8 {[%clk 0:00:11]}  Nxf3+ {[%clk 0:00:58]} 17. Bxf3 {[%clk 0:00:11]}  Rxd8 {[%clk 0:00:56]} 18. Bxb7 {[%clk 0:00:11]}  Bxb2 {[%clk 0:00:52]} 19. Rab1 {[%clk 0:00:12]}  Bd4 {[%clk 0:00:51]} 20. c4 {[%clk 0:00:11]}  Nf6 {[%clk 0:00:48]} 21. Bg5 {[%clk 0:00:11]}  c5 {[%clk 0:00:47]} 22. Bd5 {[%clk 0:00:07]}  Nxd5 {[%clk 0:00:40]} 23. Bxd8 {[%clk 0:00:08]}  Nc3 {[%clk 0:00:40]} 24. Rb8 {[%clk 0:00:08]}  Kg7 {[%clk 0:00:40]} 25. Bg5 {[%clk 0:00:00]}  Bh3 {[%clk 0:00:40]} 0-1